LEADER 00904nam2 2200277 450 001 000005118 005 20031118145130.0 010 $a84-7711-072-7 100 $a20031118d1995----km-y0itay50------ba 101 0 $aspa 102 $aES 200 1 $aGramática de espanol lengua extranjera$enormas, recursos para la comunicación$fA. González Hermoso, J.R. Cuenot, M. Sánchez Alfaro 205 $a3. ed. 210 $aMadrid$cEdelsa$d1995 215 $a271 p.$d24 cm 300 $aIn testa al front.: Curso práctico 610 1 $aLingua spagnola$aGrammatica 676 $a465 700 1$aGonzález Hermoso,$bAlfredo$0555293 701 1$aCuenot,$bJ.R.$0630303 701 1$aSánchez Alfaro,$bM.$0630304 801 0$aIT $bUNIPARTHENOPE $gRICA $2UNIMARC 912 $a000005118 951 $cNAVA1$a465-C/6$b36312$d20031118 996 $aGramática de espanol lengua extranjera$91205978 997 $aUNIPARTHENOPE LEADER 01556nam 2200433 a 450 001 9910696134503321 005 20071002154112.0 035 $a(CKB)5470000002375468 035 $a(OCoLC)173619684 035 $a(EXLCZ)995470000002375468 100 $a20071002d2007 ua 0 101 0 $aeng 135 $aurmn||||||||| 181 $ctxt$2rdacontent 182 $cc$2rdamedia 183 $acr$2rdacarrier 200 10$aBorder security$b[electronic resource] $esecurity of new passports and visas enhanced, but more needs to be done to prevent their fraudulent use : report to congressional requesters 210 1$a[Washington, D.C.] :$cU.S. Govt. Accountability Office,$d[2007] 215 $aiii, 73 pages $cdigital, PDF file 300 $aTitle from title screen (viewed on Sept. 20, 2007). 300 $a"July 2007." 300 $aPaper version available from: U.S. Govt. Accountability Office, 441 G St., NW, Rm. LM, Washington, D.C. 20548. 300 $a"GAO-07-1006." 320 $aIncludes bibliographical references. 517 $aBorder security 606 $aVisas$xGovernment policy$zUnited States 606 $aPassports$xGovernment policy$zUnited States 606 $aBorder security$zUnited States 606 $aFraud$zUnited States 615 0$aVisas$xGovernment policy 615 0$aPassports$xGovernment policy 615 0$aBorder security 615 0$aFraud 801 0$bGPO 801 1$bGPO 906 $aBOOK 912 $a9910696134503321 996 $aBorder security$93423087 997 $aUNINA